Determinantes de violencia de pareja en trabajadoras del IMSS Morelos /

保存先:
書誌詳細
第一著者: Ortega-Ceballos, Paola Adanari
その他の著者: Mudgal, Jyoti, Flores, Yvonne, Rivera-Rivera, Leonor, Díaz-Montiel, Juan Carlos, Salmerón, Jorge
フォーマット: テキスト
主題:
タグ: タグ追加
タグなし, このレコードへの初めてのタグを付けませんか!

MARC

LEADER 00000 a a2200000 04500
001 17274
003
040
100 |a Ortega-Ceballos, Paola Adanari  
245 |a Determinantes de violencia de pareja en trabajadoras del IMSS Morelos /  |c Paola Adanari Ortega-Ceballos , et al. 
650 |a VIOLENCIA  
650 |a SALUD PUBLICA  
650 |a MUJERES  
650 |a ECONOMIA  
650 |a MEXICO  
650 |a VIOLENCIA  
700 |a Mudgal, Jyoti  
700 |a Flores, Yvonne  
700 |a Rivera-Rivera, Leonor  
700 |a Díaz-Montiel, Juan Carlos  
700 |a Salmerón, Jorge  
773 |g volumen 49, número 5; páginas 357-366  
999 |c 29051  |d 29051